000 01002nam a22003377a 4500
003 CHAP
005 20220329143320.0
008 080530d1997 us r 00110 eng d
010 _a94866
011 _a95838
020 _a0632035072
035 _a106469
040 _cCHAP
082 0 4 _a550
_bA55
100 1 _aAllen, Philip A.
_94404
245 1 0 _aEarth surface processes
_c/por Philip A. Allen
260 _aMassachusetts. :
_bBlackwel
_c1997
300 _axi, 404 p. :
_bgráfs. ; mapas
590 _aBATCH-UPD
_b10
_c20130110
_lUCH01
_h0615
590 _aBATCH-UPD
_b10
_c20130410
_lUCH01
_h0257
590 _aBATCH-UPD
_b10
_c20130914
_lUCH01
_h0234
590 _aCONVERSION
_b10
_c20130109
_lUCH01
_h1352
650 1 4 _aClimatología.
_923864
650 1 4 _aEcología.
_935134
650 1 4 _aGeofísica.
_947534
650 1 4 _aGeología.
_947604
650 1 4 _aTierra.
_9113060
901 _aBK
942 _cLIBRO
949 _a550 A55
_bBC
_cLIBRO
_d33724002057751
_eLIBRO
_gI.c/e.
_h109570
_i106469
_sb
999 _c94866
_d94866